[Event "Belgrade Investbank"]
[Site "Belgrade"]
[Date "1989.11.??"]
[Round "11"]
[White "Kasparov, Garry"]
[Black "Nikolic, Predrag"]
[Result "1-0"]
[WhiteElo "2775"]
[BlackElo "2600"]
[Annotator "Ftacnik,Lubomir"]
[PlyCount "81"]
[EventDate "1989.11.??"]
[EventType "tourn"]
[EventRounds "11"]
[EventCountry "YUG"]
[EventCategory "15"]
[SourceTitle "CBM 016"]
[Source "ChessBase"]
[SourceDate "1990.06.01"]
[SourceVersion "1"]
[SourceVersionDate "1990.06.01"]
[SourceQuality "1"]

1. d4 Nf6 2. c4 e6 3. Nc3 Bb4 4. Qc2 d5 5. cxd5 exd5 6. Bg5 h6 7. Bh4 g5 8. Bg3 Ne4 9. e3 c6 ({RR} 9... h5 10. Bd3 h4 11. Be5 f6 12. Bxe4 dxe4 13. d5 Qe7 14. a3 Ba5 15. Qa4+ Nd7 16. Qxa5 Nxe5 17. Qa4+ Kf7 18. Qxe4 h3 19. g3 Bg4 20. f4 gxf4 21. gxf4 Nf3+ 22. Kf2 Qxe4 23. Nxe4 Nh4 24. Rc1 {Bareev,E (2714)-Vallejo Pons,F (2663) Monte Carlo 2004 1-0 (60)}) 10. Bd3 Nxg3 11. hxg3 Be6 12. a3 $146 ({RR} 12. f4 Qe7 13. Nf3 f6 14. Bg6+ Bf7 15. Kf2 Nd7 16. Rhe1 O-O-O 17. Bxf7 Qxf7 18. a3 Bd6 19. Nb5 Bb8 20. b4 Rhg8 21. Rac1 gxf4 22. gxf4 Qg7 23. Rg1 Qg3+ 24. Kf1 Rde8 25. Qf2 Qg4 26. Nc3 Kd8 {Rietze,C (2367)-Dehtiarov,R (2319) chess.com INT 2024 0-1 (47)}) ({RR} 12. f4 Qe7 13. Nf3 f6 14. Bg6+ Bf7 15. Kf2 Nd7 16. Rhe1 O-O-O 17. Bxf7 Qxf7 18. a3 Bd6 19. Nb5 Bb8 20. b4 Rhg8 21. Rac1 gxf4 22. gxf4 Qg7 23. Rg1 Qg3+ 24. Kf1 Rde8 25. Qf2 Qg4 26. Nc3 Kd8 {Rietze,C (2367)-Dehtiarov,R (2319) chess.com INT 2024 0-1 (47)}) 12... Bf8 (12... Bd6 13. Nf3 Nd7 14. O-O-O Qe7 15. e4 $1) 13. f4 gxf4 14. gxf4 Bg4 15. Bf5 Bxf5 $6 (15... Rg8 $1 16. Nf3 Nd7 17. O-O-O Qa5 $5 {Kasparov}) 16. Qxf5 Nd7 17. e4 Qf6 (17... dxe4 18. Nxe4 Qe7 19. Nf3 Qe6 20. Qxe6+ fxe6 $16) 18. Qxf6 Nxf6 19. e5 Nd7 20. Nge2 Rg8 21. Kf2 Nb6 22. b3 Kd7 23. Ng3 Rc8 (23... f6 $2 24. Nh5 $18) 24. Kf3 c5 25. dxc5 Rxc5 26. Nce2 Rc6 27. Rhc1 Rxc1 28. Rxc1 Bxa3 29. Ra1 Bc5 30. Nf5 (30. Rxa7 Nc4 31. Ra2 $16) 30... Ra8 31. Nxh6 Ke6 32. g4 a5 33. Rc1 Nd7 34. Nc3 Ra6 35. Re1 $1 d4 36. f5+ Ke7 37. Nd5+ Kf8 38. e6 fxe6 39. fxe6 Nb8 40. Nf5 Nc6 41. g5 {Ftacnik} 1-0

[Event "Buenos Aires sim"]
[Site "Buenos Aires"]
[Date "1997.09.06"]
[Round "1"]
[White "Kasparov, Garry"]
[Black "Panno, Oscar"]
[Result "1-0"]
[WhiteElo "2820"]
[BlackElo "2450"]
[Annotator "Winants,Luc"]
[PlyCount "75"]
[EventDate "1997.09.06"]
[EventType "simul"]
[EventRounds "1"]
[EventCountry "ARG"]
[SourceTitle "CBM 061"]
[Source "ChessBase"]
[SourceDate "1997.11.23"]
[SourceVersion "1"]
[SourceVersionDate "1997.11.23"]
[SourceQuality "1"]

{[%mdl 4200]} 1. d4 Nf6 2. c4 e6 3. Nc3 Bb4 4. Qc2 O-O 5. a3 Bxc3+ 6. Qxc3 b6 7. Bg5 c5 8. e3 d6 9. dxc5 bxc5 {Il s'agit d'une variante classique de la défense Nimzo-indienne. Les Blancs occupent le centre avec les pions et disposent aussi de la paire de Fous. Mais les Noirs comptent sur le contrôle des cases blanches (point e4, diagonale a8-h1) pour obtenir du contre-jeu.} 10. O-O-O $1 {Un nouveauté théorique qui remplace avantageusement le coup habituel 10.d3} Ne4 { Voilà qui paraît bon.} ({Supposons} 10... Ne4 11. Bxd8 Nxc3 12. Rxd6 {, il suivrait} Ne4 $1 {[%csl Rd6,Ge4,Rf2,Rh1][%cal Ye4d6,Ye4f2,Yf2h1] gagnant du matériel.}) 11. Qd3 $3 {[%csl Rd6] Une réplique ahurissante et vraiment admirable.} ({Remarquez que le coup apparemment plus solide} 11. Qc2 {, n'aurait pas atteint son but, car après} Nxg5 12. h4 {les Noirs auraient pu continuer soit par} f5 ({soit avec} 12... Nh3 13. Nxh3 Qe7) 13. hxg5 Bb7 {obtenant une bonne partie dans les deux cas.}) ({Or après} 11. Qd3 {, la menace contre d6 réduit le choix des Noirs.}) 11... Nxf2 {Forcé:} ({si} 11... Nxg5 12. h4 {[%cal Rh4g5,Rd3d6]}) 12. Bxd8 Nxd3+ 13. Bxd3 Rxd8 14. Be4 {[%cal Re4a8] La pointe des coups précédents. Les Noirs sont contraints de lâcher du lest.} d5 $8 15. cxd5 Bb7 (15... f5 16. Bf3 e5 17. d6 e4 18. Be2 Be6 19. Nh3 $16 {[%cal Yh3g5,Yh3f4]}) 16. Ne2 {[%csl Ya8,Yb8,Gc1,Rc5] La position s'est éclaircie et on peut d'ores et déjà conclure à un avantage blanc: ils jouissent d'une avance en développement, leur Roi est plus rapproché du centre et le pion c5, isolé sur le flanc-Dame, est vulnérable.} Nd7 {Un coup maladroit.} ({Toutefois,} 16... exd5 17. Nc3 Nd7 18. Bxd5 Bxd5 19. Rxd5 {n'était guère plus attrayant.}) 17. dxe6 Bxe4 18. e7 $1 {Un joli contre-pied.} ({Plus faible serait} 18. exd7 Bxg2 19. Rhg1 Bf3 20. Rge1 Bg4 {etc.}) 18... Re8 19. Rxd7 f6 {[%csl Re7][%cal Yg8f7] La réponse naturelle. Le grand-maître Oscar Panno, ancien candidat au titre mondial, projette de jouer ...f7, pour capturer le dangereux pion passé au plus vite.} ({Nous avons pourtant passé beaucoup de temps à analyser les conséquences de} 19... Bxg2 {Une fois la solution trouvée, tout paraît simple.} 20. Rg1 $1 {[%csl Gd6,Ge8][%cal Ye2g3,Yg3f5,Yf5d6,Yg3e4,Ye4d6,Ye2c3,Yc3e4,Yc3b5,Yb5d6,Yd6e8] la suite adéquate car le plan des Blancs consiste surtout à transférer leur Cavalier vers d6} (20. Rhd1 {[%csl Gd8] préparant 21.d8} f6 $1 (20... Bf3 $2 {serait un coup dans l'eau, car après} 21. Rd8 f6 22. e4 $3 {pour libérer le e2 du clouage et attirer le Fou sur une case exposée.} Bxe4 23. Ng3 {[%csl Gd6][%cal Yg3f5,Yf5d6] les Blancs gagneraient en conduisant ce Cavalier vers d6.}) 21. Ng3 g6 {et les Noirs tiennent bon.}) 20... Bc6 ({si} 20... Be4 21. Ng3 Bg6 22. Rgd1 {[%csl Gd8,Ge8][%cal Yd7d8,Ye7e8,Yd1d8] suivi de 23.d8}) ({ou} 20... Bh3 21. Rc7 f6 22. Nc3 {[%csl Gd6,Ge8][%cal Yc3e4,Yc3b5,Ye4d6,Yb5d6,Yd6e8] et le Cavalier arrive à destination via b5 ou e4.}) 21. Rc7 Rec8 (21... Bf3 22. Ng3) 22. Rxc8+ (22. Rd1 Rxc7 23. Rd8+ Be8 24. Rxa8 Rxe7) 22... Rxc8 23. Rd1 Re8 24. Rd6 $1 Bf3 {et maintenant:} 25. Ng3 $1 {[%csl Gd6,Ge8][%cal Yg3f5,Yf5d6,Yd6e8]} (25. Rd8 Bc6 26. b4 ({un faux espoir serait} 26. Ng3 f6 27. Nf5 Kf7 $1 28. Nd6+ Kxe7 $17 {et les Noirs prennent le dessus.}) 26... f6 (26... cxb4 27. Nd4 Ba4 28. Nf5) 27. bxc5 Kf7 28. Nd4 Be4 29. Nb5 Rxe7 30. Nd6+ Kg6 {et le pion passé en c5 favorise les Blancs.}) 25... f6 ({si} 25... g6 26. Rd8 Bc6 27. Ne4 {[%csl Rf6]} Kg7 28. Rxe8 Bxe8 29. Nd6 {[%csl Gd6,Ge7] et gagne}) 26. Nf5 Kf7 ({ou} 26... a5 27. Rd7 $1 {[%cal Yf5d6]} Bg4 $8 28. Rd8 Kf7 29. Nd6+ Kxe7 30. Rxe8+ Kxd6 31. Ra8 {[%csl Ra5]}) 27. Rd2 Rxe7 28. Nxe7 Kxe7 29. Kc2 {[%csl Rc5][%cal Yc2c5] et les Blancs devraient l'emporter.}) 20. Ng3 $146 ({RR} 20. Nc3 Bc6 21. Rc7 Rec8 22. Rxc8+ Rxc8 23. Rd1 Re8 24. Nd5 Kf7 25. Kc2 Rb8 26. Kc3 Rb7 27. e4 Ba4 28. Rd2 Bb3 29. e5 f5 30. h4 a5 31. Ne3 Be6 32. Nc4 Bxc4 33. Kxc4 Kxe7 34. Kxc5 Ke6 {Jurasek,M (2315)-Bazant,P (2330) Czech Republic 1997 1-0 (60)}) 20... Bg6 ({Le pion g2 ne pouvait toujours pas être pris:} 20... Bxg2 21. Rg1 Bc6 (21... Bh3 22. Rb7 {le plus précis} (22. Rc7 Rac8 23. Rxa7 Kf7 24. Ne4 Rc6) 22... Rab8 (22... Kf7 23. Ne4 Rxe7 24. Rxe7+ Kxe7 25. Rxg7+ Ke6 26. Rxh7 {et les Blancs auront bientôt deux pions de plus.}) ({ou} 22... Reb8 23. Rc7 Rc8 24. Rxc8+ Rxc8 25. Ne4) 23. Rxa7 Kf7 24. Ne4 Rb6 25. Nxc5 {avec gain facile.}) 22. Rc7 Rec8 23. Rxc8+ Rxc8 24. Nf5 g6 25. Nd6 Ra8 26. Rg4 {[%csl Rc5,Gd6,Ge7][%cal Yg4c4] et le soldat avancé étant enfin en sécurité, les Blancs gagnent tranquillement.}) 21. h4 $1 { Un coup d'apparence anodine, mais extrêmement instructif. Kasparov a pour but de bloquer les pions du flanc-Roi afin de créer des points d'appui au profit du Cavalier et de combattre ainsi le Fou efficacement.} h6 {Pour reculer le Fou en h7 et garder le contrôle sur f5.} ({Si} 21... h5 22. Rhd1 Kf7 23. R1d5 {etc.}) 22. h5 Bh7 23. Rh4 $1 {[%csl Rc5][%cal Yh4c4] La goutte d'eau qui fera déborder le vase. La Tour se dirige vers c4 pour molester le pion c5.} Kf7 24. Rc4 Rxe7 25. Rxe7+ Kxe7 26. Rxc5 {[%csl Yf5,Yg3,Yg7]} Kd6 27. b4 $18 {La cause est entendue. Mais ne ratez surtout pas l'occasion d'admirer la technique du champion. Elle vaut le détour.} Re8 28. Kd2 Re5 29. Rxe5 Kxe5 30. a4 Bg8 31. b5 Bb3 ({Une variante instructive serait} 31... Bd5 32. e4 $1 Bxe4 33. Nxe4 Kxe4 34. Kc3 {et les Blancs gagnent car le pion h5 surveille deux fantassins à la fois (g7 et h6). Par exemple,} Kd5 35. Kb4 Kd6 36. a5 ({ou} 36. Ka5) 36... Kc7 37. Kc5 Kb7 38. g4 Kc7 39. b6+ axb6+ 40. axb6+ Kb7 41. Kb5 Kb8 42. Kc6 Kc8 43. b7+ $1 ({beaucoup plus rapide que} 43. Kd6) 43... Kb8 44. Kb6 f5 45. gxf5 g6 46. hxg6 h5 47. g7 {et mat au coup suivant.}) 32. a5 Bc4 {Précipite les événements.} ({Toutefois} 32... f5 {n'aurait pas sauvé les Noirs:} 33. Ne2 {[%csl Ra7,Rc6,Gd4,Rf5][%cal Ye2d4,Yd4f5,Yd4c6,Yc6a7]} Bd5 34. g3 Bf3 35. Nd4 Bb7 36. Kc3 Bd5 37. Nc6+ Bxc6 38. bxc6 Kd6 39. Kd4 Kxc6 (39... a6 40. c7) 40. Ke5 Kb5 41. Kxf5 Kxa5 42. e4 Kb6 43. e5 a5 44. e6 Kc7 45. Kg6 {et les Blancs arrivent les premiers.}) 33. b6 axb6 34. axb6 Bd5 35. e4 $1 Bb7 36. Ke3 Bc6 37. Nf5 Bxe4 38. g4 $1 {[%csl Yf6,Yg7,Yh6][%cal Yh5h8]  Nous sommes enfin en mesure d'apprécier les effets du 21e coup blanc. Tous les pions Noirs sont condamnés.} (38. g4 Bd5 39. Nxg7 Kd6 40. Nf5+ Kc5 41. Nxh6 Kxb6 42. Nf5 Kc5 43. Ne7 $1 Bb3 44. h6 Bc2 45. Nf5 $1 {[%csl Gh8][%cal Yh6h8] et le pion va à Dame.}) 1-0

[Event "Tilburg Fontys"]
[Site "Tilburg"]
[Date "1997.09.28"]
[Round "2"]
[White "Kasparov, Garry"]
[Black "Polgar, Judit"]
[Result "1-0"]
[WhiteElo "2820"]
[BlackElo "2670"]
[PlyCount "63"]
[EventDate "1997.09.27"]
[EventType "tourn"]
[EventRounds "11"]
[EventCountry "NED"]
[EventCategory "17"]
[SourceTitle "CBM 061"]
[Source "ChessBase"]
[SourceDate "1997.11.23"]
[SourceVersion "1"]
[SourceVersionDate "1997.11.23"]
[SourceQuality "1"]

1. c4 e6 2. Nc3 d5 3. d4 Bb4 4. e3 c5 5. a3 Bxc3+ 6. bxc3 Nf6 7. cxd5 exd5 8. f3 c4 9. Ne2 Nc6 10. g4 h6 11. Bg2 Na5 12. O-O Nb3 13. Ra2 O-O 14. Ng3 Bd7 $146 ({RR} 14... b5 15. e4 dxe4 16. g5 Nd5 17. Rc2 Nxc1 18. Qxc1 exf3 19. Bxf3 Be6 20. gxh6 Qf6 21. Bxd5 {1-0 (21) Abdukhakimov,A (2354)-Campbell,C (2145) chess.com INT 2024}) ({RR} 14... b5 15. e4 dxe4 16. g5 Nd5 17. Rc2 Nxc1 18. Qxc1 exf3 19. Bxf3 Be6 20. gxh6 Qf6 21. Bxd5 {1-0 (21) Abdukhakimov,A (2354)-Campbell,C (2145) chess.com INT 2024}) 15. Qe1 Re8 16. e4 dxe4 17. fxe4 Nxg4 18. Bf4 Qh4 19. h3 Nf6 20. e5 Rad8 21. Qf2 Nh5 22. Bxh6 Re7 23. Nf5 Qxf2+ 24. Rfxf2 Re6 25. Be3 Bc6 26. Bf1 f6 27. Bxc4 Bd5 28. Be2 fxe5 29. Bxh5 exd4 30. Bg5 Rd7 31. Rae2 Be4 32. Nxd4 1-0

[Event "Murcia m"]
[Site "Murcia"]
[Date "1990.??.??"]
[Round "6"]
[White "Kasparov, Garry"]
[Black "Psakhis, Lev"]
[Result "1-0"]
[WhiteElo "2800"]
[BlackElo "2575"]
[Annotator "Ftacnik,Lubomir"]
[PlyCount "71"]
[EventDate "1990.??.??"]
[EventType "match"]
[EventRounds "6"]
[EventCountry "ESP"]
[SourceTitle "CBM 020"]
[Source "ChessBase"]
[SourceDate "1991.02.01"]
[SourceVersion "1"]
[SourceVersionDate "1991.02.01"]
[SourceQuality "1"]

1. d4 Nf6 2. c4 e6 3. Nc3 Bb4 4. e3 c5 5. Nge2 d5 6. a3 Bxc3+ 7. Nxc3 cxd4 8. exd4 dxc4 9. Bxc4 Nc6 10. Be3 O-O 11. O-O b6 12. Qf3 Bb7 13. Bd3 Rc8 14. Rad1 Rc7 15. Qh3 Ne7 16. Bg5 Ng6 17. Qg3 $146 ({RR} 17. Bxg6 hxg6 18. Qh4 Rxc3 19. bxc3 Qd5 20. f3 Nd7 21. Ra1 Rc8 22. Rfc1 Rc4 23. Bd2 Nc5 24. Rab1 Nd3 25. Rd1 Ra4 26. Qg5 Rxa3 27. Qe7 Ra2 28. Qe8+ Kh7 29. Qxf7 Nb2 30. Re1 Nc4 31. Rxe6 Qf5 {Atalik,S (2500)-Kalesis,N (2410) Agios Nikolaos 1995 1-0 (37)}) ({RR} 17. Bxg6 hxg6 18. Qh4 Rxc3 19. bxc3 Qd5 20. f3 Nd7 21. Ra1 Rc8 22. Rfc1 Rc4 23. Bd2 Nc5 24. Rab1 Nd3 25. Rd1 Rc7 26. a4 Rc4 27. a5 Qxa5 28. Qd8+ Kh7 29. Qd7 Qd5 30. Qxf7 Rxd4 31. Be3 Rc4 {Sideifzade,F (2435)-Allahverdiyev,A (2380) Baku 1997 1-0 (35)}) 17... Rd7 18. d5 $3 exd5 (18... Bxd5 19. Bb5 $1 Rd6 (19... Rc7 20. Nxd5 exd5 21. Bxf6 gxf6 22. Qb3 $16) (19... Rb7 20. Nxd5 exd5 21. Bc6 Rb8 22. Bxd5 $16) 20. Bxf6 gxf6 21. Ne4 $1 $16) 19. Bf5 Re7 (19... Rd6 20. Nb5 Rc6 21. Nxa7 $16) 20. h4 Qc7 21. Qxc7 Rxc7 22. Rfe1 Re7 (22... Rd8 23. h5 Nf8 24. h6 $36) 23. Nb5 Rfe8 (23... a6 24. Nd6 Bc6 25. Nc8 Rxe1+ 26. Rxe1 b5 $2 27. Bxg6 hxg6 28. Ne7+ $18) 24. Rxe7 Nxe7 25. Bh3 Bc8 26. Bxc8 Rxc8 (26... Nxc8 27. Bxf6 gxf6 28. Rxd5 $16) 27. Nxa7 Rc2 28. b4 Kf8 29. Be3 Nf5 30. Bxb6 Ng4 (30... Nxh4 31. Bc5+ Ke8 32. Re1+) 31. Bc5+ Ke8 32. Nb5 Ra2 33. Nc3 Rxa3 34. Nxd5 f6 35. b5 Rb3 36. b6 {Ftacnik,L} 1-0

[Event "Evry sim"]
[Site "Evry"]
[Date "1989.06.??"]
[Round "1"]
[White "Kasparov, Garry"]
[Black "Renet, Olivier"]
[Result "1-0"]
[WhiteElo "2775"]
[BlackElo "2480"]
[PlyCount "85"]
[EventDate "1989.06.??"]
[EventType "simul"]
[EventRounds "1"]
[EventCountry "FRA"]
[SourceTitle "EXT 1997"]
[Source "ChessBase"]
[SourceDate "1996.11.15"]
[SourceVersion "1"]
[SourceVersionDate "1996.11.15"]
[SourceQuality "1"]

1. d4 {Ftacnik,Lubomir} Nf6 2. c4 e6 3. Nc3 Bb4 4. Qc2 d5 5. a3 Bxc3+ 6. Qxc3 Ne4 7. Qc2 c5 8. dxc5 Nc6 9. cxd5 exd5 10. Nf3 Bf5 11. b4 O-O 12. Bb2 b6 13. b5 bxc5 14. bxc6 Qa5+ 15. Nd2 Rab8 16. c7 Rb3 17. Rd1 $146 ({RR} 17. Be5 c4 ({RR} 17... f6 18. f3 Nxd2 19. Qxd2 Qxd2+ 20. Kxd2 fxe5 21. e4) 18. f3 Nxd2 ({RR} 18... Ng3 19. Qxb3 cxb3 20. hxg3) 19. Qxd2 c3 20. Qg5 c2+ 21. Kf2 Qc5+ 22. e3 Bg6 23. Ba6 f6 24. Qf4 fxe5 25. Qxf8+ Kxf8 26. c8=Q+ Qxc8 27. Bxc8 d4 28. e4 {1-0 (28) Gurevich,M (2640)-Franzoni,G (2460) Luzern 1989 CBM 016 [Ftacnik,Lubomir]}) 17... c4 18. e3 ({RR} 18. f3 Nxd2 19. Qxd2 c3) 18... Ng3 19. Qxb3 cxb3 20. hxg3 Bc2 21. Rc1 d4 22. Bd3 Rc8 23. Bxc2 bxc2 24. Rxc2 dxe3 25. fxe3 Rxc7 26. Rh5 Qxh5 27. Rxc7 h6 28. Bd4 a6 29. Nf3 Qd5 30. Rc3 Qa2 31. Kf1 Qb1+ 32. Kf2 Kh7 33. Ne5 f6 34. Nd3 Qa2+ 35. Kg1 Kg6 36. Nf4+ Kf5 37. Kh2 Kg4 38. e4 Qd2 39. Rd3 Qc2 40. Re3 a5 41. e5 fxe5 42. Rxe5 a4 43. Nd5 1-0

[Event "Linares 08th"]
[Site "Linares"]
[Date "1990.??.??"]
[Round "9"]
[White "Kasparov, Garry"]
[Black "Salov, Valery"]
[Result "1/2-1/2"]
[WhiteElo "2800"]
[BlackElo "2645"]
[Annotator "Ftacnik,Lubomir"]
[PlyCount "112"]
[EventDate "1990.02.??"]
[EventType "tourn"]
[EventRounds "11"]
[EventCountry "ESP"]
[EventCategory "16"]
[SourceTitle "CBM 017"]
[Source "ChessBase"]
[SourceDate "1990.08.01"]
[SourceVersion "1"]
[SourceVersionDate "1990.08.01"]
[SourceQuality "1"]

1. Nf3 Nf6 2. c4 e6 3. Nc3 Bb4 4. d4 c5 5. g3 cxd4 6. Nxd4 O-O 7. Bg2 d5 8. cxd5 Nxd5 9. Bd2 Nxc3 10. bxc3 Be7 11. Rb1 Nd7 {N} (11... e5 12. Rxb7 exd4 13. Rb3 Na6 14. Bxa8 Bh3 15. Bf3 Nc5 16. Rb4 Nd3+ $6 17. exd3 Bxb4 18. cxb4 Re8+ 19. Be4 f5 20. f3 fxe4 21. dxe4 $16 {[%emt 0:00:03] Staniszewski-Suba/Warszaw zt/1987/ CBM}) 12. O-O (12. Bxb7 Bxb7 13. Rxb7 Bf6 $44) 12... Nb6 13. Bf4 (13. Qb3 e5 14. Nf3 Be6 $10) 13... Nd5 14. Qb3 Nxf4 15. gxf4 Qc7 16. e3 $14 a6 17. Rfd1 $146 ({RR} 17. Qb6 Qxb6 18. Rxb6 Ra7 19. a4 Rd8 20. Rfb1 Rd7 21. R6b3 g6 22. Kf1 Rc7 23. Ke1 Bf6 24. Kd2 Kg7 25. Be4 Bh4 26. Ke2 Be7 27. Kd2 Rd7 28. Ke1 Bc5 29. Bg2 h6 30. Be4 Kf6 31. Ke2 Rc7 {Bedos,M (2270)-Illescas Cordoba,M (2545) France 1991 0-1 (49)}) 17... Ra7 18. c4 Bc5 19. Nf3 a5 $1 (19... b6 20. Ne5 $16) 20. Ng5 h6 21. Ne4 a4 22. Qb5 Ra5 23. Qb2 b6 24. Qe5 Qxe5 25. fxe5 Ba6 26. Bf1 Bb7 27. Nxc5 Rxc5 28. f4 (28. Rxb6 Bf3 29. Rd4 Rxe5) 28... Ba6 29. Rd4 Rfc8 30. Rb4 a3 31. Ra4 Ra5 32. Rb4 (32. Rxa5 bxa5 {x a2}) 32... Rac5 33. Be2 g5 34. Kf2 Kg7 35. Ke1 R8c6 36. Rd6 Rc7 37. Rd4 gxf4 38. exf4 f6 39. exf6+ Kxf6 40. Kd2 R7c6 41. Re4 Kf5 42. Ke3 Kf6 43. h3 e5 44. Bf3 Rd6 45. h4 Bc8 46. fxe5+ Rxe5 47. Rxe5 Kxe5 48. Rb5+ Kf6 49. Bd5 Bd7 50. Rb3 b5 51. Rxa3 Be6 52. Rd3 Bxd5 53. cxd5 Ke5 54. h5 Rxd5 55. Rxd5+ Kxd5 56. Kf4 Kc4 {Ftacnik,L} 1/2-1/2

[Event "World Cup"]
[Site "Reykjavik"]
[Date "1988.10.??"]
[Round "15"]
[White "Kasparov, Garry"]
[Black "Sax, Gyula"]
[Result "1-0"]
[WhiteElo "2760"]
[BlackElo "2600"]
[PlyCount "75"]
[EventDate "1988.10.??"]
[EventType "tourn"]
[EventRounds "17"]
[EventCountry "ISL"]
[EventCategory "15"]
[SourceTitle "CBM 010"]
[Source "ChessBase"]
[SourceDate "1989.06.01"]
[SourceVersion "1"]
[SourceVersionDate "1989.06.01"]
[SourceQuality "1"]

1. d4 Nf6 2. c4 e6 3. Nc3 Bb4 4. Qc2 O-O 5. a3 Bxc3+ 6. Qxc3 d6 7. f3 d5 8. Bg5 Nbd7 9. e3 Re8 10. Nh3 h6 11. Bh4 $146 ({RR} 11. Bf4 b6 12. cxd5 Nxd5 13. Qc6 Rb8 14. e4 Nxf4 15. Nxf4 e5 16. dxe5 Nxe5 17. Qc3 Bb7 18. Be2 f5 19. O-O Qf6 20. Bc4+ Kh8 21. exf5 Qxf5 22. Ne2 b5 23. Ng3 Nxf3+ 24. Kh1 Qe5 25. gxf3 Qxc3 {Gavriilidis,G (1605)-Triantos,K (2073) Rethymno 2019 0-1 (31)}) 11... c6 12. cxd5 exd5 13. Bf2 c5 14. Nf4 cxd4 15. Qxd4 Qa5+ 16. b4 Qb6 17. Qd2 a5 18. b5 Nc5 19. Rd1 Nb3 20. Qb2 a4 21. Be2 Qa5+ 22. Kf1 Bd7 23. Bh4 d4 24. Bxf6 gxf6 25. exd4 Bxb5 26. Kf2 Bxe2 27. Nxe2 Qg5 28. Rd3 Re7 29. Rhd1 Rae8 30. Ng3 f5 31. Kf1 Qh4 32. d5 Nc5 33. Rd4 Qxh2 34. d6 Re3 35. Kf2 Rxf3+ 36. Kxf3 Re3+ 37. Kxe3 Qxg3+ 38. Kd2 1-0

[Event "PCA-World-ch Kasparov-Short +6-1=13"]
[Site "London"]
[Date "1993.09.16"]
[Round "5"]
[White "Kasparov, Garry"]
[Black "Short, Nigel D"]
[Result "1/2-1/2"]
[WhiteElo "2805"]
[BlackElo "2655"]
[Annotator "Ftacnik,Lubomir"]
[PlyCount "35"]
[EventDate "1993.09.07"]
[EventType "match"]
[EventRounds "20"]
[EventCountry "ENG"]
[SourceTitle "CBM 036"]
[Source "ChessBase"]
[SourceDate "1993.10.01"]
[SourceVersion "1"]
[SourceVersionDate "1993.10.01"]
[SourceQuality "1"]

1. d4 Nf6 2. c4 e6 3. Nc3 Bb4 4. Qc2 d5 5. cxd5 exd5 6. Bg5 h6 7. Bh4 c5 8. dxc5 (8. O-O-O $2 Bxc3 9. Qxc3 g5 10. Bg3 cxd4 11. Qxd4 Nc6 12. Qa4 Bf5 13. e3 Rc8 $19 {Keres,P-Botvinnik,M/1941/}) 8... g5 9. Bg3 Ne4 10. e3 Qa5 (10... Nc6 11. Nf3 Qa5 $1 (11... Qf6 12. Bb5 $1 Nxc3 13. Bxc6+ bxc6 14. a3 $16 {Kasparov,G-Spassky,B/Linares/1990/}) 12. Nd2 Nxc3 13. bxc3 Bxc3 14. Rb1 Qxc5 15. Rb5 Qa3 16. Rb3 Bxd2+ 17. Qxd2 Qa5 $10 {Spassky,B-Fischer,R/Belgrade (m/20)/1992/}) (10... Qf6 $5 11. Bb5+ Bd7 12. Bxd7+ Nxd7 13. Nge2 Bxc3+ 14. bxc3 O-O 15. Rd1 Qe6 16. h4 g4 $13 {Goldin-Lautier,J/Palma GMA/1989/}) 11. Be5 O-O 12. Bd3 Nc6 $1 13. Bxe4 Nxe5 14. Bxd5 (14. Bh7+ $2 Kg7 15. Bd3 d4 $1 16. exd4 Nxd3+ 17. Qxd3 Re8+ 18. Nge2 b6 $1 { a6}) 14... Bg4 $1 15. Nf3 Bxf3 16. Bxf3 (16. gxf3 Rac8 $36) 16... Nxf3+ 17. gxf3 Rac8 18. O-O $146 (18. O-O Rxc5 19. Qe4 Bxc3 20. bxc3 b6 21. f4 Qxc3 $10) ({RR} 18. h4 Rxc5 19. Kf1 Bxc3 20. bxc3 Qa6+ 21. Kg2 Rfc8 22. Qe4 Rc4 23. Qf5 Rxc3 24. Rad1 R3c5 25. Rd8+ Kg7 26. Rd5 Rxd5 27. Qxd5 Rc6 28. hxg5 hxg5 29. Qe5+ Rf6 30. Rh5 Qd6 31. Rxg5+ Kf8 32. Qe4 Qc6 {Nicoara,M (2140)-Sanz Alonso,F (2410) Elgoibar 1993 1-0 (60)}) 1/2-1/2